<?xml version="1.0" encoding="UTF-8"?>
<collection xmlns="http://www.loc.gov/MARC21/slim">
 <record>
  <leader>01244nam a2200229 a 4500</leader>
  <controlfield tag="008">091226s19911986nyua          000 0 eng d</controlfield>
  <datafield tag="040" ind1=" " ind2=" ">
   <subfield code="a">DLC</subfield>
   <subfield code="c">DLC</subfield>
   <subfield code="d">DLC</subfield>
   <subfield code="c">BD-DhAAL</subfield>
  </datafield>
  <datafield tag="082" ind1="0" ind2="0">
   <subfield code="a">909</subfield>
   <subfield code="2">19</subfield>
  </datafield>
  <datafield tag="245" ind1="0" ind2="0">
   <subfield code="a">World civilizations, their history and their culture /</subfield>
   <subfield code="c">Edward McNall Burns ... [et al.].</subfield>
  </datafield>
  <datafield tag="250" ind1=" " ind2=" ">
   <subfield code="a">7th ed.</subfield>
  </datafield>
  <datafield tag="260" ind1=" " ind2=" ">
   <subfield code="a">New York, N.Y. :</subfield>
   <subfield code="b">W.W. Norton, ;</subfield>
   <subfield code="a">New Delhi ;</subfield>
   <subfield code="a">Goyl Saab, </subfield>
   <subfield code="c">c1986.[Reprinted 1991]</subfield>
  </datafield>
  <datafield tag="300" ind1=" " ind2=" ">
   <subfield code="a">xiv,486 p. :</subfield>
   <subfield code="b">ill. (some col.) ;</subfield>
   <subfield code="c">30 cm.</subfield>
  </datafield>
  <datafield tag="362" ind1="0" ind2=" ">
   <subfield code="a">Vol. A.</subfield>
  </datafield>
  <datafield tag="541" ind1="1" ind2=" ">
   <subfield code="e">00010658</subfield>
  </datafield>
  <datafield tag="650" ind1=" " ind2="0">
   <subfield code="a">Civilization</subfield>
   <subfield code="x">History.</subfield>
  </datafield>
  <datafield tag="700" ind1="1" ind2=" ">
   <subfield code="a">Burns, Edward McNall,</subfield>
   <subfield code="d">1897-</subfield>
  </datafield>
  <datafield tag="852" ind1="4" ind2=" ">
   <subfield code="a">Ayesha Abed Library</subfield>
   <subfield code="j">General shelf </subfield>
  </datafield>
  <datafield tag="942" ind1="0" ind2="0">
   <subfield code="0">1</subfield>
  </datafield>
  <datafield tag="999" ind1=" " ind2=" ">
   <subfield code="c">6421</subfield>
   <subfield code="d">6421</subfield>
  </datafield>
  <datafield tag="952" ind1=" " ind2=" ">
   <subfield code="0">0</subfield>
   <subfield code="1">0</subfield>
   <subfield code="2">ddc</subfield>
   <subfield code="4">1</subfield>
   <subfield code="6">909_000000000000000_WOR</subfield>
   <subfield code="7">0</subfield>
   <subfield code="9">6488</subfield>
   <subfield code="a">BRACUL</subfield>
   <subfield code="b">BRACUL</subfield>
   <subfield code="c">SPS</subfield>
   <subfield code="d">2009-12-26</subfield>
   <subfield code="g">0.00</subfield>
   <subfield code="l">34</subfield>
   <subfield code="m">165</subfield>
   <subfield code="o">909 WOR</subfield>
   <subfield code="p">3010010658</subfield>
   <subfield code="r">2019-09-23</subfield>
   <subfield code="s">2019-09-23</subfield>
   <subfield code="t">1</subfield>
   <subfield code="w">2009-12-26</subfield>
   <subfield code="y">1HOUR</subfield>
   <subfield code="x">No price found in the accession register.</subfield>
  </datafield>
  <datafield tag="952" ind1=" " ind2=" ">
   <subfield code="0">0</subfield>
   <subfield code="1">0</subfield>
   <subfield code="2">ddc</subfield>
   <subfield code="4">1</subfield>
   <subfield code="6">909_000000000000000_WOR_1991</subfield>
   <subfield code="7">0</subfield>
   <subfield code="9">7563</subfield>
   <subfield code="a">BRACUL</subfield>
   <subfield code="b">BRACUL</subfield>
   <subfield code="c">SPS</subfield>
   <subfield code="d">2010-01-28</subfield>
   <subfield code="l">45</subfield>
   <subfield code="m">205</subfield>
   <subfield code="o">909 WOR</subfield>
   <subfield code="p">3010010871</subfield>
   <subfield code="r">2020-03-09</subfield>
   <subfield code="s">2020-02-05</subfield>
   <subfield code="t">2</subfield>
   <subfield code="w">2010-01-28</subfield>
   <subfield code="y">BK</subfield>
  </datafield>
  <datafield tag="952" ind1=" " ind2=" ">
   <subfield code="0">0</subfield>
   <subfield code="1">4</subfield>
   <subfield code="2">ddc</subfield>
   <subfield code="4">1</subfield>
   <subfield code="6">909_000000000000000_WOR</subfield>
   <subfield code="7">0</subfield>
   <subfield code="9">7564</subfield>
   <subfield code="a">BRACUL</subfield>
   <subfield code="b">BRACUL</subfield>
   <subfield code="c">SPS</subfield>
   <subfield code="d">2010-01-28</subfield>
   <subfield code="l">43</subfield>
   <subfield code="m">184</subfield>
   <subfield code="o">909 WOR</subfield>
   <subfield code="p">3010010660</subfield>
   <subfield code="r">2019-11-19</subfield>
   <subfield code="s">2019-09-18</subfield>
   <subfield code="t">3</subfield>
   <subfield code="w">2010-01-28</subfield>
   <subfield code="y">BK</subfield>
   <subfield code="x">Koha Inventory 2020</subfield>
  </datafield>
 </record>
</collection>
